The star-spangled hustle / (Record no. 58423)
[ view plain ]
| 000 -LEADER | |
|---|---|
| fixed length control field | 00985nam a2200301 a 4500 |
| 001 - CONTROL NUMBER | |
| control field | 58423 |
| 003 - CONTROL NUMBER IDENTIFIER | |
| rucl marc code | BD-RjUL |
| 005 - DATE AND TIME OF LATEST TRANSACTION | |
| control field | 20211209080622.0 |
| 008 - FIXED-LENGTH DATA ELEMENTS--GENERAL INFORMATION | |
| fixed length control field | 161218s1973 enk b 001 0 eng |
| 020 ## - INTERNATIONAL STANDARD BOOK NUMBER | |
| International Standard Book Number | 0385062605 |
| 035 ## - SYSTEM CONTROL NUMBER | |
| System control number | (BD-RjUL)58547 |
| 040 ## - CATALOGING SOURCE | |
| Original cataloging agency | DLC |
| Transcribing agency | DLC |
| Modifying agency | BD-RjUL |
| Language of cataloging | eng |
| 041 ## - LANGUAGE CODE | |
| Language code of text/sound track or separate title | eng |
| 082 00 - DEWEY DECIMAL CLASSIFICATION NUMBER | |
| Classification number | 330.920973 |
| Edition number | 23 |
| Author mark and year | BLS 1973 |
| 100 1# - MAIN ENTRY--PERSONAL NAME | |
| Personal name | Blaustein, Arthur I. |
| 9 (RLIN) | 173513 |
| 245 14 - TITLE STATEMENT | |
| Title | The star-spangled hustle / |
| Statement of responsibility, etc. | [by] Arthur I. Blaustein and Geoffrey Faux. Foreword by Ronald V. Dellums. |
| 250 ## - EDITION STATEMENT | |
| Edition statement | Anchor books edition |
| 260 ## - PUBLICATION, DISTRIBUTION, ETC. (IMPRINT) | |
| Place of publication, distribution, etc. | Garden City, N.Y., |
| Name of publisher, distributor, etc. | Doubleday, |
| Date of publication, distribution, etc. | c1973 |
| 300 ## - PHYSICAL DESCRIPTION | |
| Pagination | xii, 295 p. ; |
| Size | 22 cm. |
| 350 ## - PRICE (NR) (BK AM CF MU VM SE) [OBSOLETE] | |
| Price | $7.95 |
| 500 ## - GENERAL NOTE | |
| General note | Include index |
| 650 #0 - SUBJECT ADDED ENTRY--TOPICAL TERM | |
| Topical term or geographic name as entry element | African Americans |
| General subdivision | Economic conditions. |
| 9 (RLIN) | 173514 |
| Topical term or geographic name as entry element | African American businesspeople. |
| 9 (RLIN) | 173515 |
| 651 #0 - SUBJECT ADDED ENTRY--GEOGRAPHIC NAME | |
| Geographic name | United States |
| General subdivision | Politics and government |
| Chronological subdivision | 1969-1974. |
| 9 (RLIN) | 171759 |
| 700 1# - ADDED ENTRY--PERSONAL NAME | |
| Personal name | Faux, Geoffrey P., |
| Relator term | joint author. |
| 942 ## - ADDED ENTRY ELEMENTS (KOHA) | |
| Source of classification or shelving scheme | Dewey Decimal Classification |
| Koha item type | Books |
| Lost status | Source of classification or shelving scheme | Damaged status | Not for loan | Collection code | Permanent Location | Current Location | Shelving location | Date acquired | Source of acquisition | Total Checkouts | Full call number | Date last seen | Copy number | Koha item type |
|---|---|---|---|---|---|---|---|---|---|---|---|---|---|---|
| Dewey Decimal Classification | Not For Loan | Non-fiction | Central Library, University of Rajshahi | Central Library, University of Rajshahi | Reading Room | 31/03/1977 | Lions internationals | 330.920973 BLS 1973 | 18/12/2016 | C-1 | Books |